Analýza dát v jazyku "Julia"

Salvato in:
Dettagli Bibliografici
Autore principale: Puk, Matej (Autore)
Altri autori: Bernát, Dušan (Relatore della tesi)
Natura: Manoscritto Libro
Lingua:slovacco
Pubblicazione: 2016
Soggetti:
Accesso online:http://is.stuba.sk/zp/portal_zp.pl?podrobnosti=131611
Tags: Aggiungi Tag
Nessun Tag, puoi essere il primo ad aggiungerne!!

MARC

LEADER 00000ntm a22000003a 4500
001 stuzp59075
003 SK-STU
005 20160719155746.0
007 ta
008 150427s2015----xo-----f-mn---000-0-slo-d
040 |a STU  |b slo 
041 0 |a slo 
100 1 |a Puk, Matej  |u 070400  |4 aut  |U FIIT Fakulta informatiky a informačných technológií  |T FIIT Ústav počítačového inžinierstva a aplikovanej informatiky  |X 52952  |U I400  |Y 672  |7 52952 
242 0 1 |a Analysis of Data in Language "Julia"  |y eng 
245 1 0 |a Analýza dát v jazyku "Julia" 
260 |c 2016 
650 4 |a analýza dát  |2 slo 
650 4 |a Julia  |2 slo 
650 4 |a grafy  |2 slo 
650 4 |a data analysis  |2 eng 
650 4 |a Julia  |2 eng 
650 4 |a graphs  |2 eng 
700 1 |a Bernát, Dušan  |u 070400  |k Z2  |4 ths  |U FIIT Fakulta informatiky a informačných technológií  |T FIIT Ústav počítačového inžinierstva a aplikovanej informatiky  |X 1887  |U I400  |Y 672  |7 1887 
856 4 |u http://is.stuba.sk/zp/portal_zp.pl?podrobnosti=131611 
996 |b 284IB00196  |c I*BAP 36/2016  |l II680  |s P  |a 0  |w stuzp59075_0001 
SQL |a stuzp59075  |b DBP  |c SLO  |d Analýza dát v jazyku "Julia"  |e 52952  |f Puk, Matej  |g 070400  |h 1887  |i Bernát, Dušan  |j 20160621  |k 1285  |l 07  |m http://is.stuba.sk/zp/portal_zp.pl?podrobnosti=131611  |n B-IT  |o 9.2.4. počítačové inžinierstvo